| 000 | 00721nam a2200265Ia 4500 | ||
|---|---|---|---|
| 001 | Para_6370 | ||
| 003 | CHAP | ||
| 008 | 220125s1980 xx 000 0 und d | ||
| 010 | _a205082 | ||
| 040 | _cCHAP | ||
| 082 | _aPA 595.70946 C4y | ||
| 100 |
_aChinery, Michael _922584 |
||
| 245 |
_aGuía de campo de los insectos de España y de Europa / _c por Michael Chinery |
||
| 260 |
_aBarcelona : _b Omega |
||
| 300 | _a402 p. | ||
| 650 |
_aInsectos _958888 |
||
| 650 |
_aInsectos _x anatomía y fisología _9164667 |
||
| 901 | _aPA 595.70946 C4Y | ||
| 902 | _aA | ||
| 905 | _a0000001980 a 0000000000 00 | ||
| 910 | _a1980 | ||
| 942 | _cPARA | ||
| 942 |
_cPARA _d1 |
||
| 999 |
_c205082 _d205082 |
||